Responses for Show #1178 - Wednesday, October 18, 1989

Contestants

[<< previous game]

Charley Horan, a photographic representative from Manhattan Beach, California

John Kirk, a yogurt franchise operator originally from Hong Kong

Ed Toutant, an engineer from Austin, Texas (whose 1-day cash winnings total $11,401)

[next game >>]

Jeopardy! Round responses

FEMALE FIRSTS
FICTIONAL CHARACTERS
"FORT"s
6-LETTER WORDS
DANCES
HAIL AND FAREWELL
    $100 16
Time magazine

Charley
    $100 9
(Charley: Who is Casanova?)

Don Juan

EdCharley
    $100 5
Fort Bragg

Ed
    $100 25
a bubble

Ed
    $100 13
go-go dancing

Charley
    $100 3
20/20

Charley
    $200 17
Joan Rivers

Charley
    $200 21
(John: Who is Hansel?)

Hans Brinker

JohnCharley
    $200 6
Fort Ticonderoga

Charley
    $200 12
Lennon

Charley
    $200 14
a polka

Ed
    $200 4
(John: Who is... Schnozzola? [long pause]...[*]?)

Jimmy Durante

John
    $300 18
Amelia Earhart

Ed
    $300 28
[The end-of-round signal sounds.]

Dulcinea

Charley
    $300 1
(Charley: What is McHenry?)
(Alex: Yes... no, sorry.)
...
(Alex: With "Fort" in quotation marks, it has to come up in all the correct responses.)

Fort McHenry

Charley
Triple Stumper
    $300 10
nozzle

Ed
    $300 22
(Alex: A minute to go in the round.)

the old soft shoe

Triple Stumper
    $300 7
"That's the way it is"

Ed
    $400 19
golf

Charley
    $400 2
Fort Dix

Charley
    $400 11
burlap

Charley
    $400 23
belly dancing

John
    $400 27
Red Skelton

Charley
    $500 20
the Air Force Academy

Charley
    $500 8
Fort Knox

Charley
    $1,000 15
Oregon & Hawaii (Kansas, Nevada, Alaska)

Ed
    $500 24
the conga

John
    $500 26
(Ed: Who is John Gunther?)

Lowell Thomas

Ed
Triple Stumper

Scores at the first commercial break (after clue 12):

Ed John Charley
$800 $200 $1,400

Scores at the end of the Jeopardy! Round:

Ed John Charley
$1,900 $900 $3,600

Double Jeopardy! Round responses

THE AMERICAN REVOLUTION
FLOWERS
ACTORS & ACTRESSES
FRANCE
RELIGION
QUOTE "UN"QUOTE
    $200 15
Patrick Henry

Ed
    $200 23
bulbs

Ed
    $200 11
Michael J. Fox

John
    $200 9
wine

Charley
    $200 1
being the pontiff longest

John
    $200 4
unusual

Charley
    $400 16
the whites of their eyes

John
    $400 27
geraniums

Triple Stumper
    $400 20
Arnold Schwarzenegger

John
    $400 10
vacation

Charley
    $400 2
the Children of Israel (the Jews)

John
    $400 5
an un-birthday present

Charley
    $600 19
(Ed: Who are the Prussians?)

the Hessians

EdJohn
    $600 28
digitalis

John
    $600 21
Janet Leigh & Tony Curtis

John
    $600 12
city hall (or town hall)

John
    $600 3
(Charley: Who are the Incans?)
(John: Who are the Aztecs?)

Mexico

EdJohnCharley
    $1,600 6
"Unchained Melody"

Charley
    $800 24
(John: What is Richmond?)

Philadelphia

John
Triple Stumper
    $300 29
(John: I've not a clue, but I'll say daffodils.)
...
[The end-of-round signal sounds.]

the last rose of summer

John
    $800 22
John Candy

Charley
    $800 13
Martinique (or Guadeloupe)

John
    $800 17
Greece

John
    $800 7
unbowed

Charley
    $1000 25
(Charley: What's Atlanta?)
---
(Alex: Less than a minute to go.)

Savannah

JohnCharley
    $1000 26
James Woods

Charley
    $1000 14
Alsace-Lorraine

Ed
    $1000 18
Presbyterians

Ed
    $1000 8
undone

Ed

Scores at the end of the Double Jeopardy! Round:

Ed John Charley
$5,300 $5,800 $7,400

[wagering suggestions for these scores]

Final Jeopardy! Round responses

PUBLISHING
[The players finished writing quickly, so Alex went right to responses before the "Think!" music finished playing.]
EdWhat is Gluttony?
$2,100
JohnWhat is gluttony?
$200
CharleyWhat is Glutony?
$4,201
gluttony

Final scores:

Ed John Charley
$7,400 $6,000 $11,601
2nd place: a trip to Honolulu 3rd place: a Martin Lawrence Galleries serigraph + a Nintendo Entertainment System with Family & Junior Editions of Jeopardy! & Wheel of Fortune New champion: $11,601

Game dynamics:

Coryat scores:

Ed John Charley
$4,800 $6,100 $6,400
14 R
(including 1 DD),
2 W
15 R,
4 W
(including 1 DD)
22 R
(including 1 DD),
4 W

Combined Coryat: $17,300

[game clues] [game scores] [suggest correction]

Game tape date: 1989-06-26
The J! Archive is created by fans, for fans. Scraping, republication, monetization, and malicious use prohibited; this site may use cookies and collect identifying information. See terms. The Jeopardy! game show and all elements thereof, including but not limited to copyright and trademark thereto, are the property of Jeopardy Productions, Inc. and are protected under law. This website is not affiliated with, sponsored by, or operated by Jeopardy Productions, Inc. Join the discussion at JBoard.tv.